ICE new contract (Record no. 71002)

MARC details
000 -LEADER
fixed length control field 00745cam a2200193 4500
001 - CONTROL NUMBER
control field WB3831-07
008 - FIXED-LENGTH DATA ELEMENTS--GENERAL INFORMATION
fixed length control field 020823n2002 000 0 eng u
035 ## - SYSTEM CONTROL NUMBER
System control number (Sirsi) u119423
245 ## - TITLE STATEMENT
Title ICE new contract
260 ## - PUBLICATION, DISTRIBUTION, ETC.
-- 2002
490 ## - SERIES STATEMENT
Series statement ICE Press Statement
Volume/sequential designation 16 August 2002, (1)
520 ## - SUMMARY, ETC.
Summary, etc. New term version of ICE Conditions of Contract will be published on 19 September 2002. It will not include a retention clause. This is to promote team working and best practice. Copies of contract available from +44 (0)20 7665 2464. www.ice.org.uk/navigation/news/index_press.asp
590 ## - LOCAL NOTE (RLIN)
Local note WB
650 ## - SUBJECT ADDED ENTRY--TOPICAL TERM
Topical term or geographic name entry element ICE CONDITIONS OF CONTRACT
650 ## - SUBJECT ADDED ENTRY--TOPICAL TERM
Topical term or geographic name entry element RETENTION CLAUSES
650 ## - SUBJECT ADDED ENTRY--TOPICAL TERM
Topical term or geographic name entry element RETENTIONS
690 ## - LOCAL SUBJECT ADDED ENTRY--TOPICAL TERM (OCLC, RLIN)
Topical term or geographic name as entry element BUILT ENVIRONMENT
942 ## - ADDED ENTRY ELEMENTS (KOHA)
Suppress in OPAC 0
Holdings
Withdrawn status Lost status Source of classification or shelving scheme Damaged status Not for loan Home library Current library Shelving location Date acquired Total Checkouts Full call number Barcode Date last seen Copy number Price effective from Koha item type
    Dewey Decimal Classification     London London News article 23/08/2002   WB3831-07 119423-1001 06/08/2019 1 06/08/2019 News article